Safety and risks of CBD oils purchased online unveiling uncertain quality and vague health claims /

Introduction: The unmet need for highly effective, naturally derived products with minimal side effects results in the over-popularity of ever-newer medicinal plants. In the middle of 2010, products containing cannabidiol (CBD), one of the special metabolites of Cannabis sativa , started to gain pop...

Teljes leírás

Elmentve itt :
Bibliográfiai részletek
Szerzők: Vida Róbert György
Strauss Lilien Victoria
Bajtel Ákos
Kiss Tivadar
Csupor Dezső
Fittler András Tamás
Dokumentumtípus: Cikk
Megjelent: 2023
Sorozat:FRONTIERS IN PHARMACOLOGY 14
Tárgyszavak:
doi:10.3389/fphar.2023.1273540

mtmt:34437326
Online Access:http://publicatio.bibl.u-szeged.hu/29109
LEADER 01536nab a2200277 i 4500
001 publ29109
005 20231215143745.0
008 231215s2023 hu o 0|| Angol d
022 |a 1663-9812 
024 7 |a 10.3389/fphar.2023.1273540  |2 doi 
024 7 |a 34437326  |2 mtmt 
040 |a SZTE Publicatio Repozitórium  |b hun 
041 |a Angol 
100 1 |a Vida Róbert György 
245 1 0 |a Safety and risks of CBD oils purchased online  |h [elektronikus dokumentum] :  |b unveiling uncertain quality and vague health claims /  |c  Vida Róbert György 
260 |c 2023 
300 |a 12 
490 0 |a FRONTIERS IN PHARMACOLOGY  |v 14 
520 3 |a Introduction: The unmet need for highly effective, naturally derived products with minimal side effects results in the over-popularity of ever-newer medicinal plants. In the middle of 2010, products containing cannabidiol (CBD), one of the special metabolites of Cannabis sativa , started to gain popularity. For consumers and healthcare providers alike, the legal context surrounding the marketing of CBD products is not entirely clear, and the safety of using some products is in doubt. Companies in the online medicinal product market profit from the confusion around CBD oils. 
650 4 |a Általános orvostudomány 
700 0 1 |a Strauss Lilien Victoria  |e aut 
700 0 1 |a Bajtel Ákos  |e aut 
700 0 1 |a Kiss Tivadar  |e aut 
700 0 1 |a Csupor Dezső  |e aut 
700 0 1 |a Fittler András Tamás  |e aut 
856 4 0 |u http://publicatio.bibl.u-szeged.hu/29109/1/fphar-14-1273540.pdf  |z Dokumentum-elérés